[Event "Challenge"]
[Site "http://www.queenalice.com/game.php?id=1281493"]
[Date "2014.5.13"]
[Round "-"]
[White "griso"]
[Black "magalhaes_br"]
[Result "1-0"]
[WhiteElo "1329"]
[BlackElo "1345"]

1. d4 d5 2. c4 Nf6 3. Nf3 e6 4. e3 Nc6 5. Bd3 Bb4+ 6. Bd2 b6 7. O-O h6 8. a3 Bd6
9. Nc3 a5 10. c5 bxc5 11. dxc5 Bxc5 12. Nb5 Rb8 13. a4 Ng4 14. Nfd4 Ne7 15. Qxg4
Rb7 16. Qxg7 Kd7 17. Qxf7 c6 18. Nxe6 Qe8 19. Nxc5+ Kd8 20. Nxb7+ Bxb7 21. Qf4
Qd7 22. Bxa5+ Ke8 23. Nd6+ Qxd6 24. Qxd6 Rh7 25. Bxh7 Nc8 26. Bg6# 1-0

[Event "Coupe des Follies"]
[Site "http://www.queenalice.com/game.php?id=1286104"]
[Date "2014.6.5"]
[Round "-"]
[White "lucparu"]
[Black "griso"]
[Result "1-0"]
[WhiteElo "1191"]
[BlackElo "1350"]

1. d4 d5 2. f4 Nc6 3. e3 Nf6 4. h3 Ne4 5. Ne2 Bf5 6. Nd2 e6 7. Nc3 Be7 8. Bd3
Bh4+ 9. Kf1 Ng3+ 10. Kg1 Nxh1 11. Kxh1 O-O 12. Nf3 Bf2 13. Qe2 Bh4 14. Bxf5 exf5
15. b3 Re8 16. Ne5 Nxe5 17. Ba3 Nc4 18. bxc4 dxc4 19. Re1 Bxe1 20. Qxe1 Re6 21.
Nd1 Ra6 22. Qc3 b5 23. Kg1 h6 24. Kf2 Qh4+ 25. Ke2 Qg3 26. Nf2 Qxg2 27. Qb4 Rb6
28. Qe7 Re6 29. Qxc7 Rae8 30. Bc1 Ra6 31. Qd7 Rae6 32. c3 Qg1 33. Bd2 Qa1 34.
Qxa7 Qb2 35. Kd1 Rg6 36. d5 Rg1+ 37. Ke2 Rxe3+ 38. Qxe3 Qxa2 39. d6 Qa7 40. Qxa7
1-0

[Event "Challenge"]
[Site "http://www.queenalice.com/game.php?id=1318570"]
[Date "2014.10.28"]
[Round "-"]
[White "gobblemate"]
[Black "griso"]
[Result "1-0"]
[WhiteElo "1846"]
[BlackElo "1350"]

1. d4 d5 2. Nf3 Nc6 3. Bg5 Nf6 4. c4 dxc4 5. Nc3 e6 6. e3 Bd6 7. Ne4 e5 8. Bxc4
O-O 9. d5 Ne7 10. Nxf6+ gxf6 11. Bxf6 c6 12. O-O Qd7 13. Ng5 cxd5 14. e4 dxc4
15. Qh5 Ng6 16. Qxh7# 1-0

[Event "Challenge"]
[Site "http://www.queenalice.com/game.php?id=1318571"]
[Date "2014.10.28"]
[Round "-"]
[White "griso"]
[Black "gobblemate"]
[Result "1-0"]
[WhiteElo "1348"]
[BlackElo "1300"]

1. d4 d5 2. c4 c6 3. Nf3 dxc4 4. e4 Be6 5. Nc3 Nf6 6. e5 Nfd7 7. a3 b5 8. Be3
Nb6 9. Be2 N8d7 10. O-O g6 11. Ng5 Bd5 12. f4 Bg7 13. Bg4 h6 14. Nf3 a5 15. Nxd5
cxd5 16. Bd2 O-O 17. Qe1 Na4 18. Ra2 e6 19. Be3 1-0

[Event "waiting for Christmas"]
[Site "http://www.queenalice.com/game.php?id=1321053"]
[Date "2014.11.8"]
[Round "-"]
[White "lucparu"]
[Black "griso"]
[Result "0-1"]
[WhiteElo "1315"]
[BlackElo "1439"]

1. a4 e5 2. b3 d5 3. Bb2 e4 4. e3 Nf6 5. Ba3 c5 6. d4 cxd4 7. exd4 Bxa3 8. Nxa3
Nc6 9. c3 Bf5 10. f3 O-O 11. fxe4 dxe4 12. Nc4 Bg4 13. h3 Bxd1 14. Rxd1 Nh5 15.
Ne2 Qh4+ 16. Kd2 Ng3 17. Nxg3 Qxg3 18. Re1 Rae8 19. Re3 Qf2+ 20. Re2 Qf4+ 21.
Re3 Qf2+ 22. Re2 Qg3 23. Re3 Qg5 24. h4 Qf4 25. g3 Qf2+ 26. Be2 Re6 27. Rf1 Qg2
28. d5 Rd8 29. Rf2 Qg1 30. Rf1 Qg2 31. Rd1 Ne7 32. Na5 Rxd5+ 33. Ke1 h6 34. Nc4
Rf5 35. Kd2 Nd5 36. Ke1 Qg1+ 37. Kd2 Qg2 38. Ke1 a6 39. a5 Qh2 40. Kd2 Nxe3 41.
Nxe3 Rxa5 42. b4 Ra2+ 43. Nc2 Qxg3 44. h5 f5 45. Kc1 Qxc3 46. Rd8+ Kh7 47. Rd5
Qxc2# 0-1

[Event "Challenge"]
[Site "http://www.queenalice.com/game.php?id=1330579"]
[Date "2014.12.25"]
[Round "-"]
[White "dejami"]
[Black "griso"]
[Result "0-1"]
[WhiteElo "1821"]
[BlackElo "1359"]

1. e4 e6 2. e5 Nc6 3. d4 d5 4. c3 f6 5. exf6 Nxf6 6. f3 Bd6 7. Bg5 O-O 8. Bd3
Qe8 9. Ne2 e5 10. O-O exd4 11. Re1 dxc3 12. Nexc3 Qh5 13. f4 Ng4 14. h3 Bc5+ 15.
Kf1 Nh2# 0-1

[Event "Challenge"]
[Site "http://www.queenalice.com/game.php?id=1331014"]
[Date "2014.12.27"]
[Round "-"]
[White "griso"]
[Black "fenix40rj"]
[Result "1-0"]
[WhiteElo "1389"]
[BlackElo "1510"]

1. d4 Nf6 2. Nc3 d5 3. Nf3 Nc6 4. Bf4 Nb4 5. e3 Bf5 6. Bd3 Ne4 7. O-O e6 8. a3
g5 9. Be5 f6 10. axb4 fxe5 11. dxe5 g4 12. Nd4 Bg7 13. f4 O-O 14. Nxe4 dxe4 15.
Bc4 Qe8 16. c3 Rd8 17. Rxa7 Qg6 18. Rxb7 g3 19. hxg3 Bg4 20. Qa4 Bh3 21. Qa6
Qxg3 22. Bxe6+ Rf7 23. Bxh3 Qxe3+ 24. Kh2 Bxe5 25. g3 Bxf4 26. Rxf4 Rxf4 27.
gxf4 Qxf4+ 28. Kh1 Qg3 29. Qe6+ Kg7 30. Rxc7+ Qxc7 31. Qxe4 Kf7 32. Kg2 Re8 33.
Be6+ 1-0

[Event "Challenge"]
[Site "http://www.queenalice.com/game.php?id=1331289"]
[Date "2014.12.28"]
[Round "-"]
[White "dejami"]
[Black "griso"]
[Result "1-0"]
[WhiteElo "1736"]
[BlackElo "1430"]

1. e4 e6 2. e5 Nc6 3. d4 d5 4. a3 Nge7 5. c3 g6 6. Qf3 Bg7 7. Nh3 O-O 8. Bd3 f6
9. Qg3 fxe5 10. O-O Rf6 11. dxe5 Rf7 12. f4 Na5 13. Bc2 b6 14. Qh4 Ba6 15. Ng5
h6 16. Nxe6 Qd7 17. Nxg7 Kxg7 18. Rf3 Raf8 19. Rh3 h5 20. Qg5 Qf5 21. Bxf5 1-0

[Event "HugosPaynos"]
[Site "http://www.queenalice.com/game.php?id=1331323"]
[Date "2014.12.29"]
[Round "1"]
[White "griso"]
[Black "Paulsains"]
[Result "0-1"]
[WhiteElo "1426"]
[BlackElo "1903"]

1. d4 Nf6 2. c4 g6 3. Nc3 Bg7 4. Nf3 O-O 5. g3 d6 6. Bg2 Nc6 7. O-O Bd7 8. d5
Na5 9. b3 Rb8 10. Qd4 Ng4 11. Qd3 Bf5 12. e4 Bxc3 13. Qxc3 Bxe4 14. Bb2 f6 15.
Ng5 Bxg2 16. Kxg2 b6 17. Qd4 Ne5 18. Ne6 Qd7 19. Nxf8 Rxf8 20. Qf4 Nd3 21. Qd4
Nxb2 22. Qxb2 Nb7 23. Rae1 Nc5 24. Re3 e6 25. dxe6 Nxe6 26. Rfe1 Re8 27. Qxf6
Ng7 28. h4 Rf8 29. Qd4 Nf5 30. Qd5+ Kh8 31. Re4 c6 32. Qd3 d5 33. Re5 Qf7 34.
Kh3 d4 35. g4 Ng7 36. Qxd4 Qf3+ 37. Kh2 Kg8 38. g5 Nf5 39. Rxf5 Qxf5 40. Re7
Qxf2+ 41. Kh3 Rf3+ 42. Kg4 Qg3# 0-1

[Event "1"]
[Site "http://www.queenalice.com/game.php?id=1336193"]
[Date "2015.1.22"]
[Round "-"]
[White "Herbert_Paulo"]
[Black "griso"]
[Result "1-0"]
[WhiteElo "1728"]
[BlackElo "1450"]

1. g3 e6 2. Bg2 d5 3. d4 Nc6 4. Nf3 Nf6 5. O-O Bd6 6. e3 O-O 7. c3 Ne4 8. Nbd2
h6 9. Qc2 b6 10. Nxe4 dxe4 11. Qxe4 Qd7 12. Bd2 Ba6 13. Rfe1 f5 14. Qc2 Ne7 15.
Ne5 Qb5 16. Bf1 Qa5 17. c4 1-0

[Event "2"]
[Site "http://www.queenalice.com/game.php?id=1336194"]
[Date "2015.1.22"]
[Round "-"]
[White "griso"]
[Black "Herbert_Paulo"]
[Result "1-0"]
[WhiteElo "1453"]
[BlackElo "1738"]

1. d4 d5 2. c4 Nf6 3. f3 e6 4. Nc3 Be7 5. e3 O-O 6. cxd5 Nxd5 7. e4 Nf6 8. Bd3
Kh8 9. e5 Nd5 10. Nh3 Nd7 11. O-O f6 12. exf6 Bxf6 13. Nxd5 exd5 14. f4 Nb6 15.
Qh5 Kg8 16. Qxh7+ Kf7 17. Re1 Be6 18. Ng5+ Bxg5 19. fxg5 Rh8 20. Bg6+ Ke7 21.
Qxg7+ Kd6 22. Bf4+ Kc6 23. Rec1+ Nc4 24. b3 Rg8 25. Qf6 Rxg6 26. Qxg6 1-0

[Event "HugosPaynos"]
[Site "http://www.queenalice.com/game.php?id=1339805"]
[Date "2015.2.6"]
[Round "2"]
[White "griso"]
[Black "roli68"]
[Result "0-1"]
[WhiteElo "1480"]
[BlackElo "1588"]

1. d4 d5 2. c4 dxc4 3. Nf3 b5 4. e3 Nf6 5. Nc3 a6 6. a3 g5 7. Nxg5 h6 8. Nge4
Bb7 9. f3 Nd5 10. a4 b4 11. Nxd5 Qxd5 12. Bd2 a5 13. Rb1 Nd7 14. Rc1 Nb6 15. Be2
b3 16. Nc5 e6 17. e4 Qxd4 18. Nxb7 Nxa4 19. Bxc4 Nxb2 20. Qxb3 a4 21. Qc3 Qb6
22. Rb1 a3 23. Ra1 Qxb7 24. Rxa3 Rxa3 0-1

[Event "Torneo del Griso"]
[Site "http://www.queenalice.com/game.php?id=1350651"]
[Date "2015.3.29"]
[Round "2"]
[White "griso"]
[Black "lucparu"]
[Result "1-0"]
[WhiteElo "1468"]
[BlackElo "1317"]

1. d4 d5 2. c4 c6 3. Nf3 f6 4. Nc3 dxc4 5. e3 Nh6 6. Bxc4 b5 7. Bd3 Bf5 8. e4
Bg4 9. O-O Na6 10. a3 e6 11. e5 Nf5 12. Qd2 Nxd4 13. Nxd4 Qxd4 14. h3 fxe5 15.
hxg4 g6 16. Rd1 Nc5 17. Bf1 Qxd2 18. Rxd2 Be7 19. Rb1 a5 20. b4 axb4 21. axb4
Na6 22. Bb2 Nxb4 23. Rbd1 Nd5 24. Rd3 b4 25. Nxd5 exd5 26. Bxe5 Rf8 27. Rh3 Rf7
28. Rd4 b3 29. Rxb3 Bc5 30. Rdd3 Re7 31. Bf6 Rf7 32. Rf3 Be7 33. Rbe3 Ra7 34.
Bd4 1-0